000 00314cam a22001217a 4500
008 180718b1983 xxu||||| |||| 00| 0 eng d
082 _aI51 M318
100 _aMant, Alistair
245 _aLeaders we deserve
_cby Alistair Mant
260 _aOxford
_bMartin Robertson
_c1983
300 _a250p.
650 _aLeadership
999 _c349950
_d349950